| 000 | 00722nam a22001937a 4500 | ||
|---|---|---|---|
| 003 | OSt | ||
| 005 | 20240910125512.0 | ||
| 008 | 240910b ||||| |||| 00| 0 eng d | ||
| 040 | _cAIMIT LIBRARY | ||
| 100 |
_aBhat, Sheetal. _e2216185 _9178975 |
||
| 245 |
_aImpact of employee engagement on organisation productivity / _cBy Sheetal Bhat ; Guided by Divya Pereira. |
||
| 260 |
_aMumbai ; _c2024. |
||
| 650 |
_aIndustry profile company profile and introduction to the study _9178976 |
||
| 650 |
_aLiterature review objectives and conceptual framework _9178977 |
||
| 650 |
_aData analysis and interpretation _9178978 |
||
| 700 |
_aPereira, Divya. _e2216185 _9178979 |
||
| 856 | _3Indoco remedies limited | ||
| 942 |
_2ddc _cPRO |
||
| 999 |
_c231789 _d231789 |
||